000 00562nam a2200169Ia 4500
008 090201s9999 xx 000 0 und d
010 _aKPL-40784
040 _bमराठी
041 _aमराठी
082 _a29237
_b40784
100 _aप्रभाकर द. मराठे
245 _aएकान्तस्वामी
_cप्रभाकर द. मराठे
260 _c2004
_bनवचैतन्य प्रकाशन
300 _a147
_bमोठा
600 _aएकान्तस्वामी
942 _cBOOK
999 _c227853
_d227853